| 000 | 00582cam a2200217ua 4500 | ||
|---|---|---|---|
| 001 | 11641 | ||
| 005 | 20260515114758.0 | ||
| 008 | 191014n ii |||gr||||Z||||||eng | ||
| 020 | _a9788186307267 | ||
| 040 | _cMAIN | ||
| 041 | _aeng | ||
| 082 | _a954.16 | ||
| 100 |
_aJB Bhattacharjee, _eAuthor. |
||
| 245 |
_aState and wealth : _bthe early ststes in North East India / _cBy JB Bhattacharjee . |
||
| 250 | _a1st ed. | ||
| 260 |
_aGuwahati: _bDVSpublishers, _c2010. |
||
| 300 | _a173p. | ||
| 653 | _aSouth Asia India | ||
| 653 | _aHistory of North East India | ||
| 942 | _cBK | ||
| 999 |
_c10441 _d10441 |
||